Vybrané kapitoly z financí

Na minha lista:
Detalhes bibliográficos
Autor principal: Nejezchleba, Miroslav
Autor Corporativo: Vysoká škola báňská - Technická univerzita Ostrava. Ekonomická fakulta
Formato: Livro
Idioma:tcheco
Publicado em: Ostrava Petr P. Pavlík-nakl. 1991
Edição:1. vyd.
Assuntos:
Tags: Adicionar Tag
Sem tags, seja o primeiro a adicionar uma tag!

MARC

LEADER 00000nam a2200000 4500
001 c002749
005 20221214095223.2
020 |a 80-85574-02-0 
041 0 |a cze 
044 |a CZ 
245 1 0 |a Vybrané kapitoly z financí  |c Miroslav Nejezchleba a kol. 
250 |a 1. vyd. 
264 1 |a Ostrava  |b Petr P. Pavlík-nakl.  |c 1991 
300 |a 72 s. 
610 2 0 |a financie verejné 
610 2 0 |a sústava daňová 
610 2 0 |a bankovníctvo 
610 2 0 |a sústava banková 
610 2 0 |a operácie bankové 
610 2 0 |a ČSFR 
610 2 0 |a banky 
100 1 |a Nejezchleba, Miroslav 
710 2 |a Vysoká škola báňská - Technická univerzita Ostrava. Ekonomická fakulta